UITU Library & LRC     

Autonomous Floor Cleaning Robot (Record no. 32756)

MARC details
000 -LEADER
fixed length control field 00563nam a2200145Ia 4500
008 - FIXED-LENGTH DATA ELEMENTS--GENERAL INFORMATION
fixed length control field 260210s9999 xx 000 0 und d
024 ## - OTHER STANDARD IDENTIFIER
Standard number or code 10B-004-CE, 09B-003-CE & 10B-003-CE
082 ## - DEWEY DECIMAL CLASSIFICATION NUMBER
Classification number 629.892072 KHA
100 ## - MAIN ENTRY--PERSONAL NAME
Personal name Quanit Khatri, M. Rizwan Khalid & Omair Khalid
245 #0 - TITLE STATEMENT
Title Autonomous Floor Cleaning Robot
260 ## - PUBLICATION, DISTRIBUTION, ETC.
Place of publication, distribution, etc. Karachi:
Name of publisher, distributor, etc. UITU,
Date of publication, distribution, etc. 2010
600 ## - SUBJECT ADDED ENTRY--PERSONAL NAME
Personal name Computer System Engineering
650 ## - SUBJECT ADDED ENTRY--TOPICAL TERM
Topical term or geographic name entry element Bachelor of Engineering (BE)
856 ## - ELECTRONIC LOCATION AND ACCESS
Uniform Resource Identifier <a href="https://drive.google.com/file/d/1PgMEwvOFgQJ0dwE2dXR3M0ckvYG-Uw8-/view?usp=share_link">https://drive.google.com/file/d/1PgMEwvOFgQJ0dwE2dXR3M0ckvYG-Uw8-/view?usp=share_link</a>
Link text Click here for PDF

No items available.

Powered by Koha